| 000 | 00420nam a2200157Ia 4500 | ||
|---|---|---|---|
| 008 | 151021s9999 xx 000 0 und d | ||
| 020 | _a9.7802737156e+012 | ||
| 050 | _aHB171.5.5635 2009 | ||
| 245 | _a_Economics (7th ed.) | ||
| 260 | _aUK Prentice hall 2009 | ||
| 300 | _axxxiii,793p;ill. | ||
| 500 | _aIncludes index | ||
| 650 | _a_Economics | ||
| 700 | _a_Alison Wride | ||
| 980 | _a^d20110211 11:51:19^okorir | ||
| 999 |
_c6637 _d6637 |
||